| 000 | 01575cam a2200265 4500500 | ||
|---|---|---|---|
| 005 | 20251228051049.0 | ||
| 041 | _afre | ||
| 042 | _adc | ||
| 100 | 1 | 0 |
_aHorviller, Claude _eauthor |
| 245 | 0 | 0 | _aLa brûlure du religieux, de cendres et d’amour… |
| 260 | _c2023. | ||
| 500 | _a24 | ||
| 520 | _aLe feu est associé au divin. Par sa nature il confère aux divinités puissance et bras destructeurs, mais cette représentation ne cesse d’évoluer et c’est désormais la parole qui prime lorsqu’il est question de la présence de Dieu. Les autodafés, et les bûchers évoquent toujours des survivances de religions païennes. Et, dans le Cantique des Cantiques, comme une promesse, l’amour est comparé à la flamme de Dieu. | ||
| 520 | _aFire is associated with the divine. By its very nature, it endows deities with power and destructive weapons, but this representation is constantly evolving, and it is now the spoken word that takes precedence when it comes to the presence of God. Self-burning and bonfires still evoke vestiges of pagan religions. And in the Song of Songs, love is likened as a promise to the flame of God. | ||
| 690 | _aBrûlure | ||
| 690 | _aDivin | ||
| 690 | _aFeu | ||
| 690 | _aMonothéisme | ||
| 690 | _aPaganisme | ||
| 690 | _aParole | ||
| 690 | _aPassage à l’acte | ||
| 690 | _aProtestantisme | ||
| 786 | 0 | _nCahiers jungiens de psychanalyse | 158 | 2 | 2023-12-08 | p. 61-66 | 0984-8207 | |
| 856 | 4 | 1 | _uhttps://shs.cairn.info/revue-cahiers-jungiens-de-psychanalyse-2023-2-page-61?lang=fr&redirect-ssocas=7080 |
| 999 |
_c1581307 _d1581307 |
||